000 00479nam a22001697a 4500
999 _c41052
_d41052
003 OSt
005 20210303151741.0
008 210303b ||||| |||| 00| 0 eng d
020 _a9788188765195
040 _coclc
082 _a954.83
_bGAN/R
100 _93273
_aGanesh, K N
245 _aReflections On Pre Modern Kerala /
_cK N Ganesh
260 _aThrissur:
_bCosmoBooks,
_c2016.
300 _a315p
942 _2ddc
_cBK
_h954.83
_iGAN/R
_k954.83
_mGAN/R